Effects of nutrition rehabilitation at three family life training centres in Central Province, Kenya (Record no. 41356)
[ view plain ]
| 000 -LEADER | |
|---|---|
| fixed length control field | 00792nam a2200217 a 4500 |
| 008 - FIXED-LENGTH DATA ELEMENTS--GENERAL INFORMATION | |
| fixed length control field | 091126s1982 ||||||||||||||||| || u |
| 050 ## - LIBRARY OF CONGRESS CALL NUMBER | |
| Classification number | ASC(08)RR/14 |
| 100 ## - MAIN ENTRY--PERSONAL NAME | |
| Personal name | Niemeijer, Rudo |
| 245 10 - TITLE STATEMENT | |
| Title | Effects of nutrition rehabilitation at three family life training centres in Central Province, Kenya |
| Statement of responsibility, etc. | Jan Hoorweg and Rudo Niemeijer |
| 260 ## - PUBLICATION, DISTRIBUTION, ETC. | |
| Place of publication, distribution, etc. | Leiden: |
| Name of publisher, distributor, etc. | ASC |
| Date of publication, distribution, etc. | 1982 |
| 300 ## - PHYSICAL DESCRIPTION | |
| Extent | 99p. |
| 350 ## - PRICE (NR) (BK AM CF MU VM SE) [OBSOLETE] | |
| Price | 0.00 |
| 490 ## - SERIES STATEMENT | |
| Series statement | ASC Reseach reports |
| 500 ## - GENERAL NOTE | |
| General note | Bibliography |
| 650 #0 - SUBJECT ADDED ENTRY--TOPICAL TERM | |
| Topical term or geographic name entry element | NUTRITION POLICY |
| 650 ## - SUBJECT ADDED ENTRY--TOPICAL TERM | |
| Topical term or geographic name entry element | NUTRITION--KENYA |
| 650 #0 - SUBJECT ADDED ENTRY--TOPICAL TERM | |
| Topical term or geographic name entry element | NUTRITION |
| 700 ## - ADDED ENTRY--PERSONAL NAME | |
| Personal name | Hoorweg, Jan |
| 710 ## - ADDED ENTRY--CORPORATE NAME | |
| Corporate name or jurisdiction name as entry element | Africa Studies Centre (ASC) |
| 995 ## - RECOMMENDATION 995 [LOCAL, UNIMARC FRANCE] | |
| -- | 0.00 |
| -- | CBU-MAIN LIBRARY (Kitwe) |
| -- | 1 |
| -- | 0.00 |
| -- | 1 |
| -- | AVAILABLE |
| -- | Nov 26, 2009 |
| -- | International Publications |
| Withdrawn status | Lost status | Source of classification or shelving scheme | Damaged status | Not for loan | Home library | Current library | Shelving location | Date acquired | Total Checkouts | Full call number | Barcode | Date last seen | Price effective from | Koha item type |
|---|---|---|---|---|---|---|---|---|---|---|---|---|---|---|
| CBU-MAIN LIBRARY, KITWE. | CBU-MAIN LIBRARY, KITWE. | 11/30/2022 | ASC(08)RR/14 | 03004884 | 11/30/2022 | 11/30/2022 | MONOGRAPH |